000 00693nam a22002177a 4500
003 UA-OsUOA
001 119404
007 ta
008 20161031b un ||||| |||| 00| 0 ukr d
100 _aКульчицький С.
090 _a94(477)
_bК90
942 _cSA
040 _aUA-OsUOA
_bukr
_cUA-OsUOA
_dUA-OsUOA
245 _aЯк і чому діяв "терор голодом". Із якими аргументами підео в ООН для визнання Голодомору геноцидом?
300 _aС.21
955 _a0
041 _aukr
080 _a94(477)
773 0 _w119402
650 7 _a9 Географія. Біографії. Історія
_2UDC
999 _c405360
_d405360